Normal view
MARC view
Entry Corporate Name
001 - CONTROL NUMBER
- control field: 67588
003 - CONTROL NUMBER IDENTIFIER
- control field: BI-BuBU
005 - DATE AND TIME OF LATEST TRANSACTION
- control field: 20130305163656.0
008 - FIXED-LENGTH DATA ELEMENTS
- fixed length control field: 130305|||a|||||| | ||| d
040 ## - CATALOGING SOURCE
- Original cataloging agency: BI-BuBU
- Transcribing agency: BI-BuBU
110 ## - HEADING--CORPORATE NAME
- Corporate name or jurisdiction name as entry element: U.B.
670 ## - SOURCE DATA FOUND
- Source citation: Work cat.: (BI-BuBU): aut Kabaragasa,Augustin 67585, Etude comparative de la qualité de l'huile de palme produite par différents procédés d'extraction, 2008
670 ## - SOURCE DATA FOUND
- Source citation: Work cat.: (BI-BuBU): aut Kabaragasa,Augustin 67585, Etude comparative de la qualité de l'huile de palme produite par différents procédés d'extraction, 2008